banner-ar

ثورة 25 يناير : (Record no. 61651)

MARC details
000 -الفاتح
حقل البيانات ثابتة الطول 00816nam a22002057a 4500
005 - وقت وتاريخ اخر تعامل مع التسجيلة
رقم الضبط 20240530110510.0
008 - عناصر البيانات ثابتة الطول - معلومات عامة
حقل البيانات ثابتة الطول 151024s2012 ua a f 000 0 ara d
017 ## - رقم الايداع القانونى
رقم الايداع القانونى 2011/5842
المصدر ( الهيئة المختصة) مصر . دار الكتب المصرية
040 ## - مصدر الفهرسة
وكالة الفهرسة الأصلية EG-CaGPL
082 04 - رقم تصنيف ديوى العشرى
رقم الطبعة 21
رقم التصنيف 303.4
رقم المادة ق/ع ث
100 0# - المدخل الرئيسى - إسم شخصى
الإسم الشخصى عبدالعليم يحيى شلبى .
245 10 - بيان العنوان
العنوان ثورة 25 يناير :
بقية العنوان رؤية عقلية /
بيان المسئوليه,etc تاليف عبدالعليم يحيى شلبى .
250 ## - بيان الطبعة
بيان الطبعة ط1.
260 ## - PUBLICATION, DISTRIBUTION, ETC. (IMPRINT)
تاريخ النشر أو التوزيع 2012 .
300 ## - الوصف المادى
التعداد 56 ص ؛
أبعاد الوعاء 24 سم .
651 04 - المدخل الاضافى بالموضوع - اسم جغرافى
الاسم الجغرافي مصر
التقسيم الفرعي العام التغير الاجتماعى
التقسيم الفرعي الزمني ثورة 25 يناير .
651 04 - المدخل الاضافى بالموضوع - اسم جغرافى
الاسم الجغرافي مصر
التقسيم الفرعي العام الاحوال السياسية
التقسيم الفرعي الزمني ثورة 25 يناير .
942 ## - عناصر المدخل الإضافي( كوها)
مصدر التصنيف او مخطط الترفيف Dewey Decimal Classification
Koha [default] item type كتاب
260 ## - PUBLICATION, DISTRIBUTION, ETC. (IMPRINT)
-- القاهرة :
-- مكتبة جزيرة الورد ،
Holdings
حالة التراجع حالة الفقد حالة تلف ليس للاعارة المكان المؤقت الموقع الحالى تاريخ الاكتساب اجمالي اﻻعارات رقم الطلب الباركود تاريخ اخر مشاهدة تاريخ تفعيل السعر نوع وعاء كوها
        مكتبة القاهرة الكبرى مكتبة القاهرة الكبرى 10/26/2015   303.4 ق/ع ث 160998 10/26/2015 10/26/2015 كتاب

Powered By

EGPV